• 首页
  • 本馆介绍
  • 公告通知
  • 最新文献
  • 馆藏检索
  • 电子资源
  • 读者导购
  • 参考咨询
  • 我的图书馆
  • 登录
  • 详细信息显示
  • 放入我的书架
  • 预约/预借图书
  • 作者相关作品
  • 分类相关作品
  • 丛书相关作品
  • 出版社相关作品

书目信息

  • 表格格式
  • 工作单格式
  • 卡片格式
题名:
全球化背景下的国际移民问题及其经济影响
    
 
作者: 王冀平, , 单海鹏, 著
分册:  
出版信息: 北京   中国社会科学出版社  2018
页数: 343页
开本: 24cm
丛书名:
单 册:
中图分类: D523.8
科图分类:
主题词: 移民问题--Yi Min Wen Ti--经济影响--研究--世界
电子资源:
ISBN: 978-7-5203-3188-3
000 01228cam0 2200265 450
001 012001008133
005 20131022104752.0
010    @a978-7-5203-3188-3@dCNY95.00
099    @aCAL 012018178974
100    @a20181029d2018 ekmy0chiy50 ea
101 0  @achi
102    @aCN@b110000
105    @ay a 000yy
106    @ar
200 1  @a全球化背景下的国际移民问题及其经济影响@AQuan Qiu Hua Bei Jing Xia De Guo Ji Yi Min Wen Ti Ji Qi Jing Ji Ying Xiang@f王冀平, 单海鹏著
210    @a北京@c中国社会科学出版社@d2018
215    @a343页@d24cm
320    @a有书目 (第319-343页)
330    @a本书的研究对象是对经济全球化背景下国际移民与民族主义问题的考察,以当今世界上接受移民最多,也是移民带来问题最多的两个地区——美国和西欧为主要分析对象,通过对其个案分析,说明经济全球化(区域化)下国际移民问题的崭新特征。在分析经济全球化背景下国际移民问题产生原因的基础上,还应用到相关的国际移民与民族主义理论作为解释工具,对国际移民发生、持续、发展与生存的机制与途径进行深入探讨。
606 0  @a移民问题@AYi Min Wen Ti@x经济影响@x研究@y世界
690    @aD523.8@v5
701  0 @a王冀平,@AWang Jiping@f1977-@4著
701  0 @a单海鹏,@AShan Haipeng@f1977-@4著
801  0 @aCN@b上海新华@c20191020
905    @b1177977-80@dD523.8@e258@f4
    
    全球化背景下的国际移民问题及其经济影响/王冀平, 单海鹏著.-北京:中国社会科学出版社,2018
    343页;24cm
    
    
    ISBN 978-7-5203-3188-3:CNY95.00
    本书的研究对象是对经济全球化背景下国际移民与民族主义问题的考察,以当今世界上接受移民最多,也是移民带来问题最多的两个地区——美国和西欧为主要分析对象,通过对其个案分析,说明经济全球化(区域化)下国际移民问题的崭新特征。在分析经济全球化背景下国际移民问题产生原因的基础上,还应用到相关的国际移民与民族主义理论作为解释工具,对国际移民发生、持续、发展与生存的机制与途径进行深入探讨。
●
相关链接 在E读中查询图书 在五车中查询图书 在当当中查询图书 在豆瓣中查询图书


正题名:全球化背景下的国际移民问题及其经济影响     索取号:D523.8/258         预约/预借

序号 登录号 条形码 馆藏地/架位号 状态 备注
1 1177977   211779770   第一样本阅览室/ [索取号:D523.8/258] 在馆    
2 1177978   211779789   第一借阅区/ [索取号:D523.8/258] 在馆    
3 1177979   211779798   第一借阅区/ [索取号:D523.8/258] 在馆    
4 1177980   211779805   第一借阅区/ [索取号:D523.8/258] 在馆    
唐山师范学院图书馆 欢迎您!
大连网信软件有限公司© 版权所有